[Event "COL-ch sf"]
[Site "Santa Rosa"]
[Date "2021.08.15"]
[Round "9"]
[White "Loaiza Cuervo, Santiago"]
[Black "Salazar Florez, Kleverman"]
[Result "1-0"]
[WhiteElo "1753"]
[BlackElo "1622"]
[PlyCount "45"]
[EventDate "2021.08.11"]
[EventType "swiss"]
[EventRounds "11"]
[EventCountry "COL"]
[SourceTitle "CBM 204 Extra"]
[Source "ChessBase"]
[SourceDate "2021.11.30"]
[SourceVersion "1"]
[SourceVersionDate "2021.11.30"]
[SourceQuality "1"]

1. e4 c5 2. Nf3 d6 3. d4 cxd4 4. Nxd4 Nf6 5. Nc3 a6 6. Bg5 e6 7. f4 Nbd7 8. Qf3 h6 9. Bh4 Be7 10. 0-0-0 g5 11. fxg5 Ne5 12. gxf6 Nxf3 13. fxe7 Qc7 14. gxf3 d5 15. Kb1 Qf4 16. Bg3 Qf6 17. Bd6 Bd7 18. Rg1 Bc6 19. f4 Kd7 20. Nxc6 bxc6 21. Na4 Ke8 22. Be5 Qxe7 23. Bxh8 1-0

[Event "COL-ch sf"]
[Site "Santa Rosa"]
[Date "2021.08.14"]
[Round "6"]
[White "Cabiativa, Juan Esteban"]
[Black "Salazar Florez, Kleverman"]
[Result "0-1"]
[WhiteElo "1783"]
[BlackElo "1622"]
[PlyCount "72"]
[EventDate "2021.08.11"]
[EventType "swiss"]
[EventRounds "11"]
[EventCountry "COL"]
[SourceTitle "CBM 204 Extra"]
[Source "ChessBase"]
[SourceDate "2021.11.30"]
[SourceVersion "1"]
[SourceVersionDate "2021.11.30"]
[SourceQuality "1"]

1. c4 c5 2. Nf3 Nc6 3. g3 g6 4. Bg2 Bg7 5. 0-0 e5 6. Nc3 Nge7 7. d3 h6 8. Ne1 0-0 9. a3 f5 10. e3 a6 11. f4 d6 12. Rb1 Rb8 13. Nd5 Kh7 14. b4 b5 15. fxe5 Nxe5 16. Qc2 bxc4 17. dxc4 Nxd5 18. Bxd5 Bb7 19. Bxb7 Rxb7 20. Nd3 Qe7 21. Rb3 Ng4 22. Nf4 cxb4 23. axb4 Rfb8 24. Bd2 Rc8 25. Nh5 Bh8 26. Rxf5 Kg8 27. Nf4 Ne5 28. Nd5 Qe6 29. Rxe5 Bxe5 30. Qe4 Qf5 31. Nf6+ Qxf6 32. Qxb7 Rf8 33. Qg2 Qf5 34. Be1 Qg4 35. Rd3 Kg7 36. c5 Qc4 0-1